000 00975nac a22002657a 4500
001 BR8803512
003 BR-BrBNA
005 20240105120808.0
008 230509b bl.|||m| |||| 00| 0 por d
040 _aBR-BrBNA
_bpor
_cBiblioteca Nacional de Agricultura
072 _aH10
090 _a0312 BR8803512
100 1 _aSouza, L.A.
110 1 _aUnidade de Execucao de Pesquisa de Ambito Estadual de Belem, PA (Brasil)
_910340
245 1 _aOcorrencia e patogenicidade de microganismos sobre largartas desfolhadas do dendezeiro (Elaeis guineensis, Jacq.)
246 1 _a[Occurence of microrganisms over larvae in Elaeis guineensis]
260 3 _aBelem, PA (Brasil):
_c1987.
300 _a3 p.
490 _aPesquisa em Andamento - Unidade de Execucao de Pesquisa de Ambito Estadual de Belem (Brazil)
_vno. 5
_x
650 _aDENDE
650 _aLAGARTA
650 _aCONTROLE BIOLOGICO
909 _a202312
_bLúcia Elande
_c55
_dLúcia Elande
942 _2AGRIS
_n0
_cMS
999 _c281452
_d281452